| 000 | 00716nam0a22002411 4500 | ||
|---|---|---|---|
| 001 | rc\105330 | ||
| 005 | 20260406084805.0 | ||
| 035 | _a(NLR Aleph) 005367328 | ||
| 090 |
_a6962761 _c6962761 |
||
| 100 | _a20021216d1993 |||y0rusy50 ca | ||
| 101 | 0 | _arus | |
| 102 | _aRU | ||
| 105 | _ay ||||||||| | ||
| 200 | 1 |
_aДвойная игра _eРоман _fПер. с англ. О. Чоракаева |
|
| 210 |
_aМ. _cРадуга _d1993 |
||
| 215 |
_a252 с. _d17 |
||
| 225 | 1 |
_aЛюбовный роман _v14 |
|
| 700 | 1 |
_7ca _8rus _aЛи _bР. _f1926–2014 _gРоберта _92651394 _3RU\NLR\AUTH\770279427 |
|
| 801 | 0 |
_aRU _bNLR _gpsbo |
|
| 801 | 1 |
_aRU _bELAR _2rusmarc |
|
| 852 |
_aNLR _j93-2/507 |
||
| 942 | _cBOOK | ||
| 980 | _aNB | ||